000 00303nam a22001337a 4500
008 170531b xxu||||| |||| 00| 0 eng d
020 _a9780060964313
041 _aeng
080 _a94
100 _a17
101 _aSHH
245 _aA SHORT HISTORY OF RECONSTRUCTION
_cFONER.E
942 _2udc
_cBK
999 _c15145
_d15145